00902nam a2200253Ia 4500003000400000005001700004008004100021020001500062040001800077041000800095082002100103100002500124245008600149250001300235260004200248300002500290650003100315651003200346651002300378651003500401942003000436999001900466952016300485OSt20230927153335.0210716s1964 xx 000 0 und d a0345410033 cAIMIT LIBRARY aeng a374.22 21bBERE aBerne, Eric.9135405 aGames people play : bthe psychology of human relationships /cBy Eric Berne M D. a1st ed.  aNew york :bBallantine books ,c1964. a192p. ;bPBc20.5 cm aGeneral Management9135406 aStractural analysis9135407 aLife games9135408 aProcedures and rituals9135409 2ddccBKe1stk374.22 BERE c198061d198061 00102ddc40708MBAaAIMITbAIMITd2004-09-01g360.00iBill no:923; Bill dt:2004-08-03l0o374.22 BEREpMBA00626r2026-05-23 00:00:00v360.00w2021-07-16yBK